000 00426nam a2200181Ia 4500
008 180207s9999 xx 000 0 und d
020 _a9780545798976
050 _bA759 2014
100 _aArnold, Tedd
245 2 _aA pet for ply guy /
245 _cby Tedd Arnold /
260 _aNew York :
260 _bScholastic,
260 _c2014
300 _aunpaged :
300 _bcolor illustrations ;
300 _c23cm.
999 _c355839
_d355839